00546nam a2200181Ia 450000500170000000800410001702000150005808200130007310000280008624500450011425000090015926000450016830000120021365000210022594200060024695200970025299900150034920240603233821.0240331s9999 xx 000 0 und d a0704339102 bSEXa362 aThe London rape Crisis  0aSexual violence :bthe reality for women a1 st aLondonbThe Women's Press Limited c1984 a144 p., aSexual Violence  cL 001040708LaWERCLbWERCLcSSCd2024-03-31l0o 362.8 SEXp3542r2024-03-31w2024-03-31yL c2922d2922